000 00962nam a2200229 i 4500
001 143051
003 ES-MaACL
005 20251220171847.0
008 070214s1982 sp |||| | spa d
020 _a84-7481-239-9
111 2 _aSeminario de Historia de la Filosofía Española
_n(2º.
_d1980.
_cSalamanca)
_91039
245 1 0 _aActas del II Seminario de Historia de la Filosofía Española
_b: Salamanca, del 28 de abril al 2 de mayo de 1980 /
_ccoordinador del seminario y edición de Antonio Heredia Soriano.
260 _aSalamanca :
_bUniversidad de Salamanca,
_c1982.
300 _a2 v. ;
_c24 cm.
490 1 _aActa salmanticensia. 143-144. Filosofía y letras
650 4 _aFilosofía-
_zEspaña-
_vCongresos y asambleas.
_9139496
700 1 _aHeredia Soriano, Antonio.
_962700
710 2 _aUniversidad de Salamanca.
_97275
830 0 0 _aActa Salmanticensia
_9181394
852 _aES-MaACL
_jL-11404-05
999 _c143051
_d143051